The cambridge economic history of the Greco-Roman world
Saved in:
| Main Authors: | , , |
|---|---|
| Format: | Bog |
| Sprog: | engelsk |
| Udgivet: |
Cambridge
Cambridge University
2007
|
| Udgivelse: | 1a. ed |
| Fag: | |
| Tags: |
Tilføj Tag
Ingen Tags, Vær først til at tagge denne postø!
|
MARC
| LEADER | 00000nam a2200000 a 4500 | ||
|---|---|---|---|
| 001 | UCG6783 | ||
| 003 | CL-VaPUC | ||
| 008 | 110520e20070000uk |||||||||||||||||eng|d | ||
| 020 | |a 9780521780537 | ||
| 082 | 0 | 4 | |a 930 |b SCH |2 21 |
| 100 | 0 | |a Scheidel, Walter |e author |9 557151 | |
| 700 | |a Morris, Ian |e author |9 557152 | ||
| 700 | 0 | |a Saller, Richard |e author |9 557153 | |
| 245 | 1 | 4 | |a The cambridge economic history of the Greco-Roman world |
| 250 | |a 1a. ed | ||
| 300 | |a 942 p | ||
| 942 | |c BK | ||
| 945 | |d 20110520 00:00:00 |a jcampos | ||
| 260 | |a Cambridge |b Cambridge University |c 2007 | ||
| 650 | 0 | |a Historia antigua |9 267521 | |
| 650 | 0 | |a Economía |9 255568 | |
| 650 | 0 | |a Imperio Romano |9 322785 | |
| 650 | 0 | |a Civilización griega |9 265578 | |
| 650 | 7 | |a CIVILIZACION GRECO-ROMANA |2 CL-VaPUC |9 268177 | |
| 650 | 0 | |a Costumbres y tradiciones |9 268292 | |
| 650 | 0 | |a Helenismo |9 267485 | |
| 650 | 0 | |a Imperio Romano |9 322785 | |
| 651 | 0 | |a Grecia |9 265314 | |
| 651 | 0 | |a Roma |9 255106 | |
| 583 | |a last modification |c 20130724 07:14:08 |k Rodrigo Vera | ||
| 999 | |c 344916 |d 344914 | ||
| 952 | |0 0 |1 0 |4 0 |6 930_000000000000000_SCH_2007 |7 0 |8 A |9 443272 |a BIBHIS |b BIBHIS |d 2019-11-22 |i 4778847 |o 930 SCH 2007 |p 4778847 |r 2025-01-20 |w 2019-11-22 |y BK |k HIS | ||